000 02065cam a2200409 a 4500
001 15513802
005 20170105102914.0
008 081106s2009 nyua b 001 0 eng
010 _a 2008048758
020 _a9780231700788 (cloth : alk. paper)
020 _a0231700784 (cloth : alk. paper)
035 _a(OCoLC)ocn232131407
040 _aDLC
_cDLC
_dBTCTA
_dBAKER
_dYDXCP
_dC#P
_dCDX
_dBWX
_dQMC
_dDLC
050 0 0 _aU39
_b.B68 2009
082 0 0 _a355.02.01/1
_222
100 1 _aBousquet, Antoine J.
245 1 4 _aThe scientific way of warfare :
_border and chaos on the battlefields of modernity /
_cAntoine Bousquet.
260 _aNew York :
_bColumbia University Press,
_cc2009.
300 _aix, 265 p. :
_bill. ;
_c23 cm.
490 1 _aCritical war studies ;
_v[v. 1]
500 _aSeries numbering from jacket.
500 _aFirst published in the United Kingdom by Hurst Publishers, London, c2009.
504 _aIncludes bibliographical references (p. 245-258) and index.
505 0 _aTechnoscientific regimes of order in warfare -- Mechanistic warfare and the clockwork universe -- Thermodynamic warfare and the science of energy -- Cybernetics and the genesis of the computer -- Cybernetic warfare: Computers at war -- A new informational regime: From chaos theory to complexity science -- Towards chaoplexic warfare? Network-centric warfare and the non-linear science -- Conclusions.
650 0 _aMilitary art and science
_xTechnological innovations
_xHistory.
650 0 _aMilitary art and science
_xMethodology
_xHistory.
650 0 _aScience
_xMilitary aspects
_xHistory.
650 0 _aTechnology
_xMilitary aspects
_xHistory.
650 0 _aMilitary art and science
_xPhilosophy.
650 0 _aMilitary history, Modern.
650 0 _aMilitary policy
_xHistory.
650 0 _aMilitary research
_xHistory.
830 0 _aCritical war studies ;
_vv. 1.
906 _a7
_bcbc
_corignew
_d1
_eecip
_f20
_gy-gencatlg
942 _2ddc
_cBK
999 _c15279
_d15279